00634nam a22002177a 450000500170000001000370001702000260005403500170008003500130009703700310011003700130014108200100015410000150016424500680017925000120024726000290025927000600028830000280034870000190037670000210039520161010103713.0 a1516EN07 B-599429-448 ENG-116165 a9788126547128c599.00 aB-599429-448 aEN-99697 bAsian Book Centre/Venadpl bDBAD/PUB a004.6 aLowe, Doug aNetworking: all-in-one for dummies a wiley brand/cby Doug Lowe a5th edn aNew Delhi b Wileyc2014 a4435-36/7, Ansari Road, Daryaganj, bNew Delhi e110002 a876p.:c23cm(pbk)bill. aResnick,Robert aKrane,Kenneth S.